Kam až sahá ISIS? Radikální proudy v Alžírsku

Alžírsko ako nie príliš stabilná moslimská krajina s pestrou históriou. Parlamentné voľby v roku 1992 a prevzatie moci armádou. Násilné protesty, výnimočný stav a zákaz činnosti Islamského frontu spásy (FIS). Frakcia mladých radikálov s názvom Ozbrojená islamská skupina (GIA). Alžírska snaha boja pr...

ver descrição completa

Na minha lista:
Detalhes bibliográficos
Autor principal: Koptišová, Evelína
Formato: Capítulo de Livro
Idioma:tcheco
Assuntos:
Tags: Adicionar Tag
Sem tags, seja o primeiro a adicionar uma tag!

MARC

LEADER 00000nla a2200000 4500
001 0200910
005 20240417075057.8
041 0 |a cze 
044 |a CZ 
245 1 0 |a Kam až sahá ISIS? Radikální proudy v Alžírsku  |c Evelína Koptišová 
520 |a Alžírsko ako nie príliš stabilná moslimská krajina s pestrou históriou. Parlamentné voľby v roku 1992 a prevzatie moci armádou. Násilné protesty, výnimočný stav a zákaz činnosti Islamského frontu spásy (FIS). Frakcia mladých radikálov s názvom Ozbrojená islamská skupina (GIA). Alžírska snaha boja proti terorizmu. Až sa rozpadne ISIS. 
610 2 0 |a politika vnútorná 
610 2 0 |a voľby 
610 2 0 |a politika medzinárodná 
610 2 0 |a náboženstvo 
610 2 0 |a konflikty 
610 2 0 |a islam 
610 2 0 |a terorizmus 
610 2 0 |a Alžírsko 
100 1 |a Koptišová, Evelína